A history of psychiatry/ (Record no. 694)

MARC details
000 -LEADER
fixed length control field 00446nam a2200169 a 4500
005 - DATE AND TIME OF LATEST TRANSACTION
control field 20260322212030.0
008 - FIXED-LENGTH DATA ELEMENTS--GENERAL INFORMATION
fixed length control field data
010 ## - LIBRARY OF CONGRESS CONTROL NUMBER
LC control number 59-14209
096 ## - LOCALLY ASSIGNED NLM-TYPE CALL NUMBER (OCLC)
Classification number WM 11 Sch27h 1960
001 - CONTROL NUMBER
control field data
100 1# - MAIN ENTRY--PERSONAL NAME
Personal name Schneck, Jerome Mortimer,
Dates associated with a name 1920-
245 12 - TITLE STATEMENT
Title A history of psychiatry/
Statement of responsibility, etc. Jerome Mortimer Schneck.
260 ## - PUBLICATION, DISTRIBUTION, ETC.
Place of publication, distribution, etc. Springfield, Ill.
Name of publisher, distributor, etc. Thomas
Date of publication, distribution, etc. c1960
300 ## - PHYSICAL DESCRIPTION
Extent ix, 196 p. ports.
500 ## - GENERAL NOTE
General note Includes bibliography
650 02 - SUBJECT ADDED ENTRY--TOPICAL TERM
Topical term or geographic name entry element Psychiatry
General subdivision history
Holdings
Withdrawn status Lost status Damaged status Not for loan Home library Current library Shelving location Date acquired Total checkouts Full call number Barcode Date last seen Price effective from Koha item type
        Centerville Centerville General stacks 22/03/2026   GEN BC0010711 22/03/2026 22/03/2026 Books